| 000 | 00436nam a2200181Ia 4500 | ||
|---|---|---|---|
| 001 | 10186 | ||
| 005 | 20260306161813.0 | ||
| 008 | 260306t2013||||xx |||||||||||||| ||spa|| | ||
| 041 | _aESP | ||
| 082 |
_a907.2 _bS42 |
||
| 100 |
_aSerna, Justo _eAUT |
||
| 245 | 0 |
_aLa historia cultural: _bautores, obras, lugares |
|
| 260 | _c2013 | ||
| 300 |
_a252 páginas : _c22 cm. |
||
| 650 | _aGEN | ||
| 654 | _aCHU | ||
| 942 |
_cLIB _dJUS _fJUS _2ddc _n |
||
| 999 |
_c10186 _d10186 |
||